000 00761nam a22002777a 4500
001 7570
003 FISKH
005 20250724104527.0
008 250724b cb ||||| |||| 00| 0 eng d
020 _a9788956353920
040 _aFISKH
_beng
_cFISKH
_dFISKH
050 _aPZ7
082 _a590
100 _aLang , Andrew
245 _aThe bird of truth /
_cBy Andew Lang
260 _aSeoul :
_be-future ,
_c2009.
300 _a26 pages :
_bcolor illustrations ;
_c20 cm .
490 _aMy First Classic Readers
_vLevel 3-6
505 _aF
521 8 _a350
_bLexile estimate
521 8 _aF
_bRaz-Plus
700 _aWilburn, Jason
_eIllustrator
700 _aBosiak, Ian
_eIllustrator
942 _2ddc
_cBK
_n0
999 _c7570
_d7570